| 000 | 00904nam a2200217 i 4500 | ||
|---|---|---|---|
| 001 | 21441 | ||
| 003 | ES-MaACL | ||
| 005 | 20250910063055.0 | ||
| 007 | t| | ||
| 008 | 021125s1890 sp ||||1| spa d | ||
| 100 | 1 |
_aAlcalá Galiano, Pelayo, _d1840-1935 _919461 |
|
| 245 | 1 | 0 |
_aBotadura _b: colección de artículos de varios ingenios / _cla publica el repartidor de la "Revista General de la Marina". |
| 260 |
_aMadrid : _b[s.n.], _c1890 ( _fEst. tip. de Fortanet) |
||
| 300 |
_a40 p. ; _c26 cm. |
||
| 530 | _aDisponible en formato digital. | ||
| 594 | _aEn anotación manuscrita en portada atribuye la obra a Pelayo Alcalá Galiano, que coincide con las siglas del prólogo. | ||
| 650 | 4 |
_aNavegación- _xTerminología. _9160072 |
|
| 852 |
_aES-MaACL _jT-518-F-7 |
||
| 856 |
_uhttp://bdh-rd.bne.es/viewer.vm?id=0000191289&page=1 _zBiblioteca Digital Hispánica |
||
| 999 |
_c21441 _d21441 |
||